MARC

LEADER 00000nam0a2200000 4500
001 43189
005 20231101210812.0
010 |a 9850605200 
035 |a (RuTPU)RU\TPU\book\44634 
090 |a 43189 
100 |a 20021001d1999 m y0rusy50 ca 
101 0 |a rus  |a ger 
102 |a BY 
105 |a a j 000zy 
200 1 |a Самоучитель немецкого языка  |f С. А. Носков 
205 |a 11-е изд., стер. 
210 |a Минск  |c Высшая школа  |d 1999 
215 |a 384 с.  |c ил. 
606 1 |a Немецкий язык  |x Учебные руководства и пособия для неполной средней и средней школы. Для самообразования  |2 stltpush  |3 (RuTPU)RU\TPU\subj\45391  |9 64634 
610 1 |a самоучители 
610 1 |a лексика 
610 1 |a грамматика 
610 1 |a повседневное общение 
610 1 |a чтение 
610 1 |a письмо 
610 1 |a упражнения 
686 |a Ш143.24-922  |2 rubbk 
700 1 |a Носков  |b С. А.  |g Сергей Александрович 
801 1 |a RU  |b 63413507  |c 20021001  |g PSBO 
801 2 |a RU  |b 63413507  |c 20220309  |g PSBO 
942 |c BK